000 00554cab a22001815a 4500
001 L153828
008 110912s2011 xxka f 000 0 eng d
035 _a(Sirsi) u153828
041 0 _aeng
100 1 _aKendall, Helen
245 0 0 _aDoes GIS have a place within the world of surveying?
260 _c2011
490 _aCivil Engineering Surveyor
_vSeptember 2011, 34-35(2)
520 _aLooks at changing surveying techniques over time and what is available now.
651 4 _aUnited Kingdom
_y
690 _aQuantity surveying
_96263
942 _n0
999 _c83392
_d83392